Cities over 5 million - Statistics

General Stats
  • This quiz has been taken 52 times
  • The average score is 58 of 83
Answer Stats
Population Urban Area % Correct
33.4 m Tokyo
100%
10.4 m London
97%
14.5 m Moscow
97%
13.9 m New York City
97%
36.5 m Dhaka
94%
12.7 m Los Angeles
94%
9.3 m Paris
94%
17.0 m Beijing
91%
25.5 m Cairo
91%
30.2 m Delhi
91%
15.0 m Istanbul
91%
41.9 m Jakarta
91%
17.7 m Mexico City
91%
18.1 m Bangkok
88%
12.7 m Lagos
88%
24.7 m Manila
88%
20.2 m Mumbai
88%
12.9 m Osaka
88%
9.5 m Rio de Janeiro
88%
29.5 m Shanghai
88%
6.4 m Madrid
85%
22.4 m Seoul
85%
10.6 m Bogotá
82%
8.8 m Chicago
82%
6.1 m Houston
82%
7.0 m Johannesburg
82%
18.9 m São Paulo
82%
5.3 m St. Petersburg
82%
9.1 m Tehran
82%
6.0 m Toronto
82%
14.0 m Buenos Aires
79%
7.4 m Hong Kong
79%
21.4 m Karachi
79%
10.5 m Lima
79%
8.4 m Kuala Lumpur
76%
6.9 m Riyadh
76%
5.7 m Singapore
76%
6.8 m Baghdad
74%
6.0 m Dallas
74%
27.5 m Guangzhou
74%
22.5 m Kolkata
74%
6.7 m Santiago
74%
14.0 m Ho Chi Minh City
71%
15.1 m Lahore
71%
7.4 m Xi’an
71%
5.2 m Washington D.C.
68%
7.3 m Wuhan
68%
7.2 m Alexandria
65%
5.4 m Barcelona
65%
10.9 m Kinshasa
65%
6.0 m Miami
65%
13.1 m Bengaluru
62%
11.1 m Chennai
62%
7.0 m Chongqing
62%
9.1 m Hyderabad
62%
11.3 m Luanda
62%
13.8 m Shenzhen
62%
7.2 m Tianjin
62%
6.8 m Khartoum
59%
6.8 m Nanjing
59%
5.6 m Philadelphia
59%
7.6 m Ahmedabad
56%
5.9 m Belo Horizonte
56%
8.8 m Chengdu
56%
7.7 m Dar es Salaam
56%
7.1 m Nagoya
56%
5.1 m Yangon
56%
5.5 m Atlanta
53%
6.1 m Harbin
53%
5.0 m Guadalajara
50%
6.8 m Pune
50%
8.9 m Bandung
47%
5.3 m Qingdao
47%
5.5 m Fukuoka
44%
6.8 m Surabaya
44%
5.3 m Dalian
41%
7.5 m Hangzhou
41%
7.3 m Dongguan
38%
6.9 m Shenyang
38%
6.9 m Surat
38%
5.0 m Jinan
35%
7.7 m Suzhou
35%
7.2 m Foshan
29%
No matching quizzes found
Score Distribution
Percent of People with Each Score
Percentile by Number Answered
Your Score History
You have not taken this quiz